[Event "Wch Seniors 50 29th"]
[Site "Bucharest"]
[Date "2019.11.20"]
[Round "8"]
[White "Koehler, Gerhard"]
[Black "Pogosian, Vladimir"]
[Result "1-0"]
[WhiteElo "2184"]
[BlackElo "2017"]
[PlyCount "161"]
[EventDate "2019.11.12"]
[EventType "swiss"]
[EventRounds "11"]
[EventCountry "ROU"]
[SourceTitle "CBM 193 Extra"]
[Source "ChessBase"]
[SourceDate "2020.01.31"]
[SourceVersion "1"]
[SourceVersionDate "2020.01.31"]
[SourceQuality "1"]

1. c4 e5 2. g3 Nc6 3. Bg2 Nge7 4. Nc3 g6 5. e4 Bg7 6. Nge2 d6 7. d3 Bg4 8. h3 Bd7 9. 0-0 Nd4 10. Nxd4 exd4 11. Ne2 0-0 12. Qc2 c5 13. Bg5 h6 14. Bd2 Rb8 15. b4 f5 16. bxc5 dxc5 17. Bf4 fxe4 18. Bxb8 exd3 19. Qxd3 Bf5 20. Be4 Qxb8 21. Bxf5 Rxf5 22. Nf4 Qd6 23. Rae1 Be5 24. Ng2 Rf7 25. Qe4 Nc6 26. Qd5 Qf6 27. f4 Bc7 28. Nh4 Ne7 29. Qd7 Nf5 30. Qc8+ Kh7 31. Re6 Qd8 32. Qxd8 Bxd8 33. Nxf5 gxf5 34. Re5 b5 35. Rxc5 bxc4 36. Rxc4 Re7 37. Rf3 Ba5 38. Rd3 Re1+ 39. Kg2 Bb6 40. a4 Ra1 41. Kf3 h5 42. g4 hxg4+ 43. hxg4 Rf1+ 44. Kg3 Rg1+ 45. Kh2 Rxg4 46. a5 Bxa5 47. Rdxd4 Bb6 48. Rd7+ Rg7 49. Rd5 Rf7 50. Kg3 Rf6 51. Rc8 Rf7 52. Kh4 Kg6 53. Rg8+ Kf6 54. Rg5 Ke6 55. Re5+ Kd6 56. Rgxf5 Rg7 57. Kh3 a5 58. Rf6+ Kc7 59. Re4 Kb7 60. f5 Bd8 61. Rg6 Rf7 62. Kg4 Bf6 63. Re6 Bc3 64. Kf4 Bb4 65. Ke4 Rd7 66. Rb6+ Ka7 67. Ra6+ Kb7 68. Rgb6+ Kc8 69. f6 Rd1 70. Kf5 Rg1 71. Ke6 Bc3 72. Rc6+ Kb7 73. Rab6+ Ka7 74. Rb5 Re1+ 75. Kf7 Bb4 76. Re6 Rg1 77. Rd5 Kb7 78. Rd7+ Kc8 79. Rde7 a4 80. Rc6+ Kd8 81. Ra6 1-0

[Event "Wch Seniors 50 29th"]
[Site "Bucharest"]
[Date "2019.11.19"]
[Round "7"]
[White "Pogosian, Vladimir"]
[Black "Cubas Pons, Juan Miguel"]
[Result "1-0"]
[WhiteElo "2017"]
[BlackElo "2203"]
[PlyCount "55"]
[EventDate "2019.11.12"]
[EventType "swiss"]
[EventRounds "11"]
[EventCountry "ROU"]
[SourceTitle "CBM 193 Extra"]
[Source "ChessBase"]
[SourceDate "2020.01.31"]
[SourceVersion "1"]
[SourceVersionDate "2020.01.31"]
[SourceQuality "1"]

1. f4 d5 2. Nf3 Nf6 3. g3 c5 4. Bg2 Nc6 5. 0-0 g6 6. d3 Bg7 7. Nc3 d4 8. Ne4 Nxe4 9. dxe4 0-0 10. a3 c4 11. Kh1 Qb6 12. Rb1 Rd8 13. Qe1 Qb5 14. b3 cxb3 15. cxb3 a5 16. h3 Be6 17. f5 Bxb3 18. fxg6 fxg6 19. Ng5 d3 20. exd3 Qxd3 21. Bf4 h6 22. Nf3 b5 23. Qc1 Bc2 24. Ne1 Qxf1+ 25. Bxf1 Bxe4+ 26. Bg2 Bxb1 27. Qxb1 Rac8 28. Qxg6 1-0

[Event "St Petersburg Korchnoi Memorial op"]
[Site "St Petersburg"]
[Date "2019.08.20"]
[Round "7"]
[White "Pogosian, Vladimir"]
[Black "Ageeva, Vasilisa"]
[Result "1-0"]
[WhiteElo "1992"]
[BlackElo "1774"]
[PlyCount "135"]
[EventDate "2019.08.14"]
[EventType "swiss"]
[EventRounds "9"]
[EventCountry "RUS"]
[SourceTitle "CBM 192"]
[Source "ChessBase"]
[SourceDate "2019.10.31"]
[SourceVersion "1"]
[SourceVersionDate "2019.10.31"]
[SourceQuality "1"]

1. c4 Nf6 2. g3 g6 3. Bg2 Bg7 4. e4 d6 5. d4 0-0 6. Nc3 e5 7. Nge2 Nbd7 8. 0-0 exd4 9. Nxd4 Ne5 10. b3 Ne8 11. f4 c5 12. Nde2 Nc6 13. Rb1 Bg4 14. h3 Bxe2 15. Nxe2 Nd4 16. Bb2 Qb6 17. Nc3 f5 18. g4 fxe4 19. Bxe4 Nf6 20. Bg2 Rfe8 21. Kh1 Re3 22. Na4 Qd8 23. Bxd4 cxd4 24. Qxd4 Qe7 25. Rbd1 Rd8 26. f5 d5 27. Rf3 Re4 28. Qc5 Re1+ 29. Rxe1 Qxe1+ 30. Rf1 Qg3 31. Qf2 Qxf2 32. Rxf2 dxc4 33. bxc4 Rd4 34. Nb2 b6 35. fxg6 hxg6 36. Re2 Kf7 37. Bf3 Nd7 38. Bd5+ Kf8 39. Rf2+ Ke8 40. Bf7+ Kd8 41. Bxg6 Ne5 42. Bf5 Nxc4 43. Nd3 Ne3 44. Bh7 Rd7 45. g5 Ba1 46. Be4 Rd4 47. Bg6 Rd6 48. Rf8+ Kc7 49. Rf7+ Kd8 50. Bh7 Rd7 51. Rf8+ Kc7 52. Be4 Rd4 53. Re8 Nf1 54. Kg2 Nd2 55. Bg6 Rd6 56. Nf4 Nc4 57. Be4 Be5 58. Nd5+ Kd7 59. Re7+ Kd8 60. Rxa7 Nd2 61. Ra8+ Kd7 62. Bf5+ Kc6 63. Ne7+ Kb7 64. Re8 Nc4 65. Be4+ Ka6 66. a4 Rd2+ 67. Kf3 Ka5 68. Nc6+ 1-0

[Event "St Petersburg Korchnoi Memorial op"]
[Site "St Petersburg"]
[Date "2019.08.18"]
[Round "5"]
[White "Pogosian, Vladimir"]
[Black "Klepikov, Nikita"]
[Result "0-1"]
[WhiteElo "1992"]
[BlackElo "2201"]
[PlyCount "64"]
[EventDate "2019.08.14"]
[EventType "swiss"]
[EventRounds "9"]
[EventCountry "RUS"]
[SourceTitle "CBM 192"]
[Source "ChessBase"]
[SourceDate "2019.10.31"]
[SourceVersion "1"]
[SourceVersionDate "2019.10.31"]
[SourceQuality "1"]

1. f4 d5 2. Nf3 g6 3. g3 Bg7 4. Bg2 Nh6 5. e3 0-0 6. d3 c6 7. 0-0 Nd7 8. Nc3 b5 9. Kh1 Qb6 10. a4 b4 11. a5 Qc7 12. Ne2 Ba6 13. Qe1 b3 14. Qd2 Nc5 15. Ne1 Rab8 16. Ra3 Nf5 17. d4 Ne4 18. Bxe4 dxe4 19. cxb3 c5 20. g4 Nxe3 21. Qxe3 cxd4 22. Qd2 Bxe2 23. Qxe2 Qxc1 24. Ng2 Qc6 25. f5 d3 26. Qd2 Qc2 27. Rf2 Qb1+ 28. Ne1 Rbc8 29. Kg2 Rc1 30. Kf1 Bd4 31. Rf4 e3 32. Qb4 d2 0-1

[Event "St Petersburg Korchnoi Memorial op"]
[Site "St Petersburg"]
[Date "2019.08.17"]
[Round "4"]
[White "Zhurov, Sergey"]
[Black "Pogosian, Vladimir"]
[Result "1/2-1/2"]
[WhiteElo "2312"]
[BlackElo "1992"]
[PlyCount "126"]
[EventDate "2019.08.14"]
[EventType "swiss"]
[EventRounds "9"]
[EventCountry "RUS"]
[SourceTitle "CBM 192"]
[Source "ChessBase"]
[SourceDate "2019.10.31"]
[SourceVersion "1"]
[SourceVersionDate "2019.10.31"]
[SourceQuality "1"]

1. e4 d6 2. d4 Nf6 3. Nc3 c6 4. f4 Qb6 5. e5 Nd5 6. Nxd5 cxd5 7. Bd3 Nc6 8. c3 g6 9. Qe2 Bf5 10. Bxf5 gxf5 11. e6 0-0-0 12. Nf3 Qa6 13. Qc2 fxe6 14. Ng5 Kd7 15. Nf7 Rg8 16. Nxd8 Nxd8 17. Be3 Nf7 18. b3 Nh6 19. h3 Bg7 20. Rg1 Bf6 21. Kf2 Nf7 22. g4 Rc8 23. g5 Bg7 24. a4 Qa5 25. Rac1 a6 26. Qd3 Qd8 27. Bd2 Qh8 28. Rce1 Nd8 29. Rc1 Nc6 30. Be3 Qe8 31. Qd1 Qf7 32. b4 e5 33. Qd2 exf4 34. Bxf4 e5 35. dxe5 dxe5 36. Bh2 e4 37. Rgd1 d4 38. cxd4 Qd5 39. Rc5 Qb3 40. Be5 Qf3+ 41. Kg1 e3 42. Rc3 Qxh3 43. Rxe3 Qg4+ 44. Rg3 Qh4 45. Qd3 Bxe5 46. dxe5+ Kc7 47. Qd6+ Kb6 48. Qc5+ Kc7 49. Rdd3 Rd8 50. Qc3 Rxd3 51. Rxd3 Qxg5+ 52. Rg3 Qh5 53. b5 Qd1+ 54. Kf2 axb5 55. axb5 Qd4+ 56. Qxd4 Nxd4 57. Rg7+ Kb6 58. Rxh7 Kxb5 59. Rxb7+ Kc6 60. Ra7 Kd5 61. Ra5+ Ke4 62. Rc5 Ne6 63. Ra5 Nd4 1/2-1/2

[Event "St Petersburg Korchnoi Memorial op"]
[Site "St Petersburg"]
[Date "2019.08.14"]
[Round "1"]
[White "Sek, Konstantin"]
[Black "Pogosian, Vladimir"]
[Result "1/2-1/2"]
[WhiteElo "2469"]
[BlackElo "1992"]
[PlyCount "133"]
[EventDate "2019.08.14"]
[EventType "swiss"]
[EventRounds "9"]
[EventCountry "RUS"]
[SourceTitle "CBM 192"]
[Source "ChessBase"]
[SourceDate "2019.10.31"]
[SourceVersion "1"]
[SourceVersionDate "2019.10.31"]
[SourceQuality "1"]

1. e4 d6 2. d4 Nf6 3. Nc3 c6 4. a4 Qc7 5. g3 e5 6. Nge2 Be7 7. Bg2 h5 8. h3 Nbd7 9. 0-0 h4 10. g4 Nf8 11. f4 Ne6 12. Be3 exf4 13. Nxf4 Nh7 14. Qd2 Bg5 15. Nxe6 Bxe3+ 16. Qxe3 Bxe6 17. d5 Bd7 18. dxc6 bxc6 19. Rad1 0-0 20. Kh1 Be6 21. Rf2 Rfd8 22. Rfd2 Nf8 23. b4 Ng6 24. b5 Ne5 25. Qe1 Qa5 26. Re2 Rac8 27. Re3 Nc4 28. Rf3 Ne5 29. Re3 Nc4 30. Rf3 cxb5 31. axb5 Ne5 32. Re3 Nc4 33. Nd5 Qxe1+ 34. Rexe1 Rc5 35. Ne7+ Kf8 36. Nc6 Rd7 37. Nd4 Na3 38. e5 d5 39. Ra1 Nxc2 40. Rec1 Rdc7 41. Rxc2 Rxc2 42. Nxc2 Rxc2 43. Rxa7 Rc1+ 44. Kh2 Rb1 45. Ra8+ Ke7 46. Rb8 Kd7 47. Rb6 Kc7 48. Rc6+ Kb7 49. Rd6 Rxb5 50. Kg1 Rb6 51. Bxd5+ Kc7 52. Bxe6 fxe6 53. Rd3 Rb5 54. Re3 Kc6 55. g5 Kd5 56. Kf2 Rb1 57. Kf3 Rg1 58. Kf4 Kd4 59. Re4+ Kd5 60. Re2 Rd1 61. Kg4 Rd3 62. Kxh4 g6 63. Rf2 Kxe5 64. Rf6 Rd4+ 65. Kg3 Rd3+ 66. Kg4 Rd4+ 67. Kg3 1/2-1/2

[Event "Chigorin Memorial 25th"]
[Site "St Petersburg"]
[Date "2017.10.26"]
[Round "6"]
[White "Pogosian, Vladimir"]
[Black "Alekseev, Mikhail1111"]
[Result "0-1"]
[WhiteElo "2088"]
[BlackElo "1903"]
[PlyCount "118"]
[EventDate "2017.10.21"]
[EventType "swiss"]
[EventRounds "9"]
[EventCountry "RUS"]
[SourceTitle "CBM 181 Extra"]
[Source "ChessBase"]
[SourceDate "2017.12.12"]
[SourceVersion "1"]
[SourceVersionDate "2017.12.12"]
[SourceQuality "1"]

1. e4 c6 2. d4 d5 3. e5 c5 4. dxc5 e6 5. c4 Bxc5 6. cxd5 exd5 7. Nc3 Ne7 8. Bg5 Qb6 9. Bb5+ Nbc6 10. Bxe7 Bxe7 11. Nge2 0-0 12. 0-0 d4 13. Bxc6 dxc3 14. Be4 cxb2 15. Rb1 g6 16. Qc2 Ba3 17. Nf4 Be6 18. Qc3 Bxa2 19. Qxa3 Bxb1 20. Nd5 Qd4 21. Rxb1 Kg7 22. Qe3 Qxe5 23. f4 Qd6 24. Rxb2 b6 25. f5 Qc5 26. f6+ Kh8 27. Qxc5 bxc5 28. Rc2 Rac8 29. Ra2 c4 30. Rxa7 c3 31. Ra1 Rc4 32. Bc2 h5 33. Kf2 Rd4 34. Ne3 Rf4+ 35. Ke2 Rxf6 36. Ra3 Rc8 37. Nd5 Re6+ 38. Kd3 Rd8 39. Ra5 Re5 40. Kd4 Re2 41. Be4 c2 42. Rc5 Re8 43. Bxc2 Rxg2 44. h3 Rd2+ 45. Bd3 Rh2 46. Rc7 Kg7 47. Nf4 Rf2 48. Nd5 Rf3 49. Bc4 Rf5 50. Rd7 Re1 51. Bd3 Rf3 52. Ra7 Rxh3 53. Bc4 Rh4+ 54. Kc5 Rc1 55. Nb6 Rf4 56. Ra4 h4 57. Nd5 Rfxc4+ 58. Rxc4 Rxc4+ 59. Kxc4 h3 0-1

[Event "St Petersburg Summer op"]
[Site "St Petersburg"]
[Date "2016.08.24"]
[Round "8"]
[White "Korobitsyn, Danil"]
[Black "Pogosian, Vladimir"]
[Result "1-0"]
[WhiteElo "2021"]
[BlackElo "2178"]
[PlyCount "119"]
[EventDate "2016.08.17"]
[EventType "swiss"]
[EventRounds "9"]
[EventCountry "RUS"]
[SourceTitle "CBM 174 Extra"]
[Source "ChessBase"]
[SourceDate "2016.10.10"]
[SourceVersion "1"]
[SourceVersionDate "2016.10.10"]
[SourceQuality "1"]

1. e4 d6 2. d4 Nf6 3. Nc3 g6 4. f4 Bg7 5. Nf3 0-0 6. Bd3 Nc6 7. Be3 Ng4 8. Bg1 e5 9. d5 Nd4 10. h3 Nxf3+ 11. Qxf3 Nf6 12. 0-0-0 exf4 13. Bd4 Bh6 14. Kb1 Nd7 15. g4 Ne5 16. Qf2 c5 17. Bxe5 dxe5 18. Qxc5 b6 19. Qa3 Re8 20. Bb5 Bd7 21. d6 Bf8 22. Qa4 Bxb5 23. Qxb5 a6 24. Qb3 Re6 25. d7 Ra7 26. Qd5 Re7 27. Qc6 Rexd7 28. Nd5 Rd6 29. Qc3 Re6 30. Nxf4 Rd6 31. Nd5 Re6 32. h4 Rd7 33. Qd3 Ra7 34. g5 Kh8 35. Qg3 Rd7 36. Rdf1 h5 37. gxh6 Bxh6 38. h5 g5 39. Qg4 Rxd5 40. exd5 Qxd5 41. Qf5 Re8 42. Qf6+ Bg7 43. Qxg5 Rg8 44. h6 Bf8 45. Qf6+ Kh7 46. Qxf7+ Qxf7 47. Rxf7+ Kg6 48. Rb7 Rh8 49. Rxb6+ Kf5 50. Rxa6 Bc5 51. h7 Be3 52. Rc6 e4 53. Rc7 Bb6 54. Rg7 e3 55. Rg8 Bd4 56. c3 Be5 57. Rxh8 Bxh8 58. Kc2 Ke4 59. Kd1 Kf3 60. Rh2 1-0

[Event "St Petersburg Summer op"]
[Site "St Petersburg"]
[Date "2016.08.20"]
[Round "4"]
[White "Babanin, Gleb"]
[Black "Pogosian, Vladimir"]
[Result "0-1"]
[WhiteElo "2082"]
[BlackElo "2178"]
[PlyCount "54"]
[EventDate "2016.08.17"]
[EventType "swiss"]
[EventRounds "9"]
[EventCountry "RUS"]
[SourceTitle "CBM 174 Extra"]
[Source "ChessBase"]
[SourceDate "2016.10.10"]
[SourceVersion "1"]
[SourceVersionDate "2016.10.10"]
[SourceQuality "1"]

1. e4 e5 2. Nf3 d6 3. d4 Nd7 4. Nc3 Ngf6 5. Bc4 Be7 6. 0-0 0-0 7. Re1 c6 8. a4 b6 9. h3 a6 10. Bg5 Qc7 11. Nh4 exd4 12. Qxd4 Ne5 13. Nf5 Bxf5 14. exf5 Nxc4 15. Qxc4 d5 16. Rxe7 Qxe7 17. Qxc6 Rfc8 18. Qxb6 Qe5 19. Bxf6 gxf6 20. Rd1 Rd8 21. Qc6 Rac8 22. Qxa6 d4 23. Qb6 Rd6 24. Qb4 Rdd8 25. Nb5 Rxc2 26. Nxd4 Qf4 27. f3 Qg3 0-1

[Event "EU-ch Seniors 50 16th"]
[Site "Yerevan"]
[Date "2016.06.13"]
[Round "9"]
[White "Valgmae, Toomas"]
[Black "Pogosian, Vladimir"]
[Result "1-0"]
[WhiteElo "2260"]
[BlackElo "2131"]
[PlyCount "129"]
[EventDate "2016.06.05"]
[EventType "swiss"]
[EventRounds "9"]
[EventCountry "ARM"]
[SourceTitle "CBM 172 Extra"]
[Source "ChessBase"]
[SourceDate "2016.06.21"]
[SourceVersion "1"]
[SourceVersionDate "2016.06.21"]
[SourceQuality "1"]

1. Nf3 d6 2. d4 f5 3. g3 Nf6 4. Bg2 g6 5. 0-0 Bg7 6. b3 Ne4 7. Bb2 Nd7 8. Nbd2 Ndf6 9. c4 e6 10. Nxe4 Nxe4 11. Nd2 Ng5 12. f4 Nf7 13. e4 0-0 14. Qc2 c6 15. Nf3 Nh6 16. e5 dxe5 17. Nxe5 Nf7 18. Rad1 Qc7 19. Rf2 Re8 20. Rfd2 Nxe5 21. dxe5 c5 22. Qd3 Bf8 23. h3 a5 24. a4 Ra7 25. g4 Qg7 26. Kh2 Qh6 27. Qf3 Be7 28. gxf5 gxf5 29. Rg1 Kh8 30. Bh1 b6 31. Rd6 Bb7 32. Qe3 Bxh1 33. Kxh1 Bd8 34. Qg3 Bh4 35. Qg2 Rb8 36. Rxb6 Re8 37. Bc1 Rd7 38. Be3 Bd8 39. Rd6 Rb7 40. Kh2 Rc7 41. Qa8 Qf8 42. Qg2 Bh4 43. Rc6 Rb7 44. Bxc5 Qh6 45. Be3 Rbb8 46. Ra6 Rg8 47. Qf3 Rxg1 48. Bxg1 Rg8 49. Bf2 Qg7 50. Rxa5 Bxf2 51. Qxf2 Qd7 52. Ra6 Qd3 53. Rb6 Qc3 54. Rxe6 Qxb3 55. Rf6 Qc3 56. Rd6 Rb8 57. Rd2 Qxc4 58. Qd4 Qe6 59. Qd6 Qxd6 60. exd6 Kg7 61. d7 Rd8 62. a5 Kf7 63. a6 Ke7 64. a7 h6 65. Kg3 1-0

[Event "EU-ch Seniors 50 16th"]
[Site "Yerevan"]
[Date "2016.06.10"]
[Round "6"]
[White "Movsziszian, Karen"]
[Black "Pogosian, Vladimir"]
[Result "1-0"]
[WhiteElo "2488"]
[BlackElo "2131"]
[PlyCount "89"]
[EventDate "2016.06.05"]
[EventType "swiss"]
[EventRounds "9"]
[EventCountry "ARM"]
[SourceTitle "CBM 172 Extra"]
[Source "ChessBase"]
[SourceDate "2016.06.21"]
[SourceVersion "1"]
[SourceVersionDate "2016.06.21"]
[SourceQuality "1"]

1. g3 e5 2. Bg2 Nc6 3. d3 f5 4. a3 Nf6 5. b4 a5 6. b5 Nd4 7. Bb2 d6 8. c4 Ne6 9. Nc3 Be7 10. Nf3 0-0 11. 0-0 Qe8 12. Rc1 f4 13. e3 g5 14. exf4 gxf4 15. Re1 fxg3 16. fxg3 Ng4 17. Nd5 Bd8 18. d4 c6 19. Ne3 Ng5 20. dxe5 Nxf3+ 21. Bxf3 Nxe3 22. Rxe3 Bg5 23. Rcc3 Bxe3+ 24. Rxe3 Rf5 25. e6 Bxe6 26. Qd4 Re5 27. Rxe5 dxe5 28. Qxe5 Qg6 29. bxc6 bxc6 30. Be4 Qh6 31. Bxc6 Rf8 32. h4 Qg6 33. Be4 Qh6 34. Qd4 Rb8 35. Bc3 Rf8 36. Kg2 Kf7 37. c5 Bb3 38. c6 Qe6 39. c7 Rc8 40. Bf3 Ke8 41. Bxa5 Kf7 42. Bh5+ Kg8 43. Qd8+ Kg7 44. Bc3+ Kh6 45. Qg5# 1-0

[Event "Chigorin Memorial 23rd"]
[Site "St Petersburg"]
[Date "2015.10.04"]
[Round "2"]
[White "Yandarbiev, Ruslan"]
[Black "Pogosian, Vladimir"]
[Result "1-0"]
[WhiteElo "2344"]
[BlackElo "2167"]
[PlyCount "107"]
[EventDate "2015.10.03"]
[EventType "swiss"]
[EventRounds "9"]
[EventCountry "RUS"]
[SourceTitle "CBM 168 Extra"]
[Source "ChessBase"]
[SourceDate "2015.10.29"]
[SourceVersion "1"]
[SourceVersionDate "2015.10.29"]
[SourceQuality "1"]

1. e4 d6 2. d4 Nf6 3. Nc3 e5 4. Nge2 Be7 5. g3 Bg4 6. Bg2 Qc8 7. h3 Bd7 8. g4 h6 9. Be3 b5 10. a3 a5 11. Qd2 Na6 12. Ng3 0-0 13. 0-0 b4 14. Nce2 c5 15. dxe5 dxe5 16. Nf5 Bxf5 17. exf5 Rd8 18. Qc1 Ra7 19. Ng3 Rad7 20. axb4 axb4 21. Ra5 Nd5 22. Ne4 f6 23. Qa1 Nxe3 24. fxe3 Nb8 25. Qa2+ Kh7 26. Qc4 Nc6 27. Ra6 Nb8 28. Re6 Qc7 29. Bf3 Kh8 30. h4 Nc6 31. Ra1 Na5 32. Qb5 Nb7 33. Ra7 Qc8 34. Qa6 c4 35. Rc6 Qb8 36. Rb6 c3 37. bxc3 Bc5 38. Nxc5 e4 39. Nxe4 Rd2 40. Nd6 R2xd6 41. Rxd6 Nxd6 42. Ra8 Qc7 43. Rxd8+ Qxd8 44. cxb4 Qe7 45. Kg2 h5 46. gxh5 Qe5 47. Qa8+ Kh7 48. Qd5 Qe7 49. c4 Nf7 50. c5 Ne5 51. Qe6 Qd8 52. Bd5 Ng4 53. Kf3 Ne5+ 54. Kg3 1-0

[Event "EU-ch 16th"]
[Site "Jerusalem"]
[Date "2015.03.08"]
[Round "11"]
[White "Pogosian, Vladimir"]
[Black "Flom, Gabriel"]
[Result "1-0"]
[WhiteElo "2124"]
[BlackElo "2460"]
[PlyCount "55"]
[EventDate "2015.02.24"]
[EventType "swiss"]
[EventRounds "11"]
[EventCountry "ISR"]
[SourceTitle "CBM 166"]
[Source "ChessBase"]
[SourceDate "2015.05.11"]
[SourceVersion "1"]
[SourceVersionDate "2015.05.11"]
[SourceQuality "1"]

1. e4 c6 2. d4 g6 3. Nc3 Bg7 4. Be2 d5 5. e5 Nh6 6. h4 f6 7. exf6 exf6 8. Bf4 Nf7 9. Qd2 b5 10. Qe3+ Qe7 11. Qg3 Nd7 12. h5 g5 13. Bd2 0-0 14. 0-0-0 Qd6 15. Qxd6 Nxd6 16. h6 Bh8 17. f4 Nf5 18. fxg5 Nxd4 19. Bh5 Ne5 20. Nf3 Ndxf3 21. gxf3 fxg5 22. Bxg5 Ng6 23. Bxg6 hxg6 24. Rde1 Rxf3 25. Re8+ Kh7 26. Re7+ Kg8 27. h7+ Kf8 28. Rhe1 1-0

[Event "EU-ch 16th"]
[Site "Jerusalem"]
[Date "2015.03.05"]
[Round "9"]
[White "Pogosian, Vladimir"]
[Black "Gruenfeld, Yehuda"]
[Result "0-1"]
[WhiteElo "2124"]
[BlackElo "2444"]
[PlyCount "110"]
[EventDate "2015.02.24"]
[EventType "swiss"]
[EventRounds "11"]
[EventCountry "ISR"]
[SourceTitle "CBM 166"]
[Source "ChessBase"]
[SourceDate "2015.05.11"]
[SourceVersion "1"]
[SourceVersionDate "2015.05.11"]
[SourceQuality "1"]

1. f4 d5 2. g3 Nf6 3. Nf3 g6 4. Bg2 Bg7 5. 0-0 0-0 6. d3 c5 7. a3 Nc6 8. Nc3 d4 9. Ne4 Nxe4 10. dxe4 Qb6 11. h3 Bd7 12. g4 Rad8 13. Qe1 c4 14. Kh1 Bc8 15. Rb1 Qb5 16. b3 cxb3 17. e5 Be6 18. cxb3 Bd5 19. a4 Qa6 20. Bd2 b5 21. a5 Qb7 22. b4 Bc4 23. h4 Qd7 24. Bh3 f6 25. exf6 exf6 26. Qf2 Rfe8 27. Rfe1 Re4 28. Ng1 Rde8 29. Bg2 Bd5 30. Qg3 Bf8 31. Kh2 R4e6 32. Bxd5 Qxd5 33. Qb3 Qd6 34. Qf3 Re4 35. Kg2 Qd7 36. Kf1 f5 37. gxf5 Qxf5 38. Qh3 Qf7 39. Nf3 h6 40. Rec1 R8e6 41. Qg2 Qf5 42. Rb3 Ne7 43. Rc5 Nd5 44. Rxb5 Rxe2 45. Qxe2 Rxe2 46. Nxd4 Qe4 47. Nxe2 Qc4 48. Rxd5 Qxd5 49. Rb2 Qf3+ 50. Ke1 Be7 51. Bc3 Bxh4+ 52. Kd2 Bf2 53. Kc1 h5 54. Be5 h4 55. Rc2 h3 0-1

[Event "EU-ch 16th"]
[Site "Jerusalem"]
[Date "2015.02.27"]
[Round "4"]
[White "Codenotti, Marco"]
[Black "Pogosian, Vladimir"]
[Result "1-0"]
[WhiteElo "2374"]
[BlackElo "2124"]
[PlyCount "75"]
[EventDate "2015.02.24"]
[EventType "swiss"]
[EventRounds "11"]
[EventCountry "ISR"]
[SourceTitle "CBM 166"]
[Source "ChessBase"]
[SourceDate "2015.05.11"]
[SourceVersion "1"]
[SourceVersionDate "2015.05.11"]
[SourceQuality "1"]

1. e4 d6 2. d4 Nf6 3. Nc3 g6 4. Nf3 Bg7 5. Be2 0-0 6. 0-0 Bg4 7. h3 Bd7 8. Be3 Nc6 9. d5 Nb8 10. Qd2 c5 11. e5 dxe5 12. Bxc5 Ne8 13. Qe3 b6 14. Ba3 f6 15. Ne4 f5 16. Neg5 h6 17. Nxe5 f4 18. Qb3 hxg5 19. Bxe7 Ba4 20. Qa3 Qc7 21. Nxg6 Qxc2 22. Bd3 Bxb2 23. Bxc2 Bxa3 24. Bxa3 Bxc2 25. Nxf8 Na6 26. Rac1 Bf5 27. Ne6 f3 28. Nxg5 fxg2 29. Kxg2 Nf6 30. Rfe1 Kg7 31. Bb2 Kg6 32. Bxf6 Kxf6 33. Ne4+ Kg6 34. Rc6+ Kg7 35. Ng3 Bd3 36. Nh5+ Kf8 37. Rf6+ Kg8 38. Re7 1-0

[Event "EU-ch 16th"]
[Site "Jerusalem"]
[Date "2015.02.25"]
[Round "2"]
[White "Fainman, Tomer"]
[Black "Pogosian, Vladimir"]
[Result "0-1"]
[WhiteElo "1571"]
[BlackElo "2124"]
[PlyCount "96"]
[EventDate "2015.02.24"]
[EventType "swiss"]
[EventRounds "11"]
[EventCountry "ISR"]
[SourceTitle "CBM 166"]
[Source "ChessBase"]
[SourceDate "2015.05.11"]
[SourceVersion "1"]
[SourceVersionDate "2015.05.11"]
[SourceQuality "1"]

1. d4 Nf6 2. Nf3 d6 3. Bg5 Ne4 4. Bf4 g6 5. Nbd2 Nf6 6. e4 Bg7 7. h3 0-0 8. Bc4 c6 9. Bb3 a5 10. c3 b5 11. a3 Ba6 12. e5 dxe5 13. Bxe5 a4 14. Ba2 Nbd7 15. Bh2 Nb6 16. Ne5 Qc8 17. Qf3 Bb7 18. 0-0 c5 19. Qe2 c4 20. Bb1 Nbd5 21. Ne4 Nxe4 22. Bxe4 Ra6 23. f4 f6 24. Nf3 Re6 25. Bxd5 Bxd5 26. Qd2 Qb7 27. Qf2 Ra8 28. Rfe1 Raa6 29. Rxe6 Rxe6 30. Re1 Rxe1+ 31. Nxe1 Be4 32. Qe3 Kf7 33. Nf3 h6 34. Kf2 e6 35. Bg3 Bf8 36. Bh2 Qd5 37. g4 Be7 38. h4 h5 39. g5 Bxf3 40. Qxf3 Qf5 41. Qe2 fxg5 42. hxg5 Bxg5 43. Qf3 Bh4+ 44. Kf1 Qb1+ 45. Kg2 Qc2+ 46. Kh3 Be7 47. Qg2 Qd3+ 48. Qg3 h4 0-1

[Event "EU-ch 16th"]
[Site "Jerusalem"]
[Date "2015.02.24"]
[Round "1"]
[White "Pogosian, Vladimir"]
[Black "Grigoryan, Karen H"]
[Result "0-1"]
[WhiteElo "2124"]
[BlackElo "2596"]
[PlyCount "70"]
[EventDate "2015.02.24"]
[EventType "swiss"]
[EventRounds "11"]
[EventCountry "ISR"]
[SourceTitle "CBM 166"]
[Source "ChessBase"]
[SourceDate "2015.05.11"]
[SourceVersion "1"]
[SourceVersionDate "2015.05.11"]
[SourceQuality "1"]

1. e4 c5 2. Nc3 e6 3. Bc4 a6 4. d3 Nc6 5. Nf3 Nge7 6. Qe2 Nd4 7. Nxd4 cxd4 8. Nd1 d5 9. Bb3 dxe4 10. dxe4 Nc6 11. 0-0 Bc5 12. Qh5 Be7 13. f4 Na5 14. Bd2 Nxb3 15. axb3 Bd7 16. Rf3 g6 17. Qe5 Bf6 18. Qa5 b6 19. Qa3 a5 20. b4 Be7 21. Qb3 Bc6 22. Nf2 axb4 23. Re1 Qc8 24. Qc4 0-0 25. Bxb4 Ra4 26. c3 Rd8 27. Qb3 Bxb4 28. cxb4 Qa8 29. Nd3 Ra7 30. Ne5 Bxe4 31. Rg3 Ra1 32. Rxa1 Qxa1+ 33. Kf2 Qc1 34. Nd3 Qd2+ 35. Kf1 Ra8 0-1

[Event "St Petersburg Summer rapid"]
[Site "St Petersburg"]
[Date "2014.08.30"]
[Round "1"]
[White "Pogosian, Vladimir"]
[Black "Morozevich, Alexander"]
[Result "0-1"]
[WhiteElo "2151"]
[BlackElo "2731"]
[PlyCount "46"]
[EventDate "2014.08.30"]
[EventType "swiss (rapid)"]
[EventRounds "11"]
[EventCountry "RUS"]
[SourceTitle "CBM 162 Extra"]
[Source "ChessBase"]
[SourceDate "2014.10.17"]
[SourceVersion "1"]
[SourceVersionDate "2014.10.17"]
[SourceQuality "1"]

1. e4 e6 2. d3 d5 3. Nd2 Nf6 4. Qe2 a5 5. g3 a4 6. Bg2 a3 7. bxa3 Bxa3 8. Bxa3 Rxa3 9. Nh3 Nc6 10. Nb3 dxe4 11. dxe4 e5 12. 0-0 0-0 13. Rfd1 Qe7 14. f3 Be6 15. Nf2 Rfa8 16. Qb5 Bxb3 17. cxb3 Nd4 18. Rxd4 exd4 19. Qxb7 Qc5 20. Nd3 Qc3 21. Rd1 Rxa2 22. Nf4 g5 23. Nd5 Qc2 0-1

[Event "Golden Sands Europe op 3rd"]
[Site "Golden Sands"]
[Date "2014.06.15"]
[Round "6"]
[White "Pogosian, Vladimir"]
[Black "Kiremitciyan, Ari"]
[Result "1-0"]
[WhiteElo "2148"]
[BlackElo "1844"]
[PlyCount "109"]
[EventDate "2014.06.10"]
[EventType "swiss"]
[EventRounds "9"]
[EventCountry "BUL"]
[SourceTitle "CBM 160 Extra"]
[Source "ChessBase"]
[SourceDate "2014.07.01"]
[SourceVersion "1"]
[SourceVersionDate "2014.07.01"]
[SourceQuality "1"]

1. e4 c5 2. Nc3 Nc6 3. Bc4 a6 4. d3 e6 5. Nf3 Qc7 6. 0-0 g6 7. Ng5 h6 8. Nh3 Nge7 9. f4 Bg7 10. f5 Bd4+ 11. Kh1 b5 12. Bb3 Bb7 13. fxg6 fxg6 14. Ne2 Be5 15. Nhf4 Na5 16. Bd2 c4 17. Qe1 Nxb3 18. axb3 Bxb2 19. Rb1 Bg7 20. bxc4 e5 21. Ba5 Qc8 22. Nd5 Bxd5 23. exd5 bxc4 24. d6 Nf5 25. Nf4 Kf7 26. Nxg6 Kxg6 27. Qe4 Rf8 28. Rxf5 Rxf5 29. Rf1 Kh7 30. Rxf5 Kh8 31. Bc7 cxd3 32. cxd3 Qg8 33. h3 a5 34. Qa4 Qe6 35. Rf1 Rf8 36. Re1 Rf2 37. Qe4 Qf6 38. Kg1 Rf4 39. Qa8+ Kh7 40. Qxa5 Qf5 41. Qb5 Bf6 42. Bb6 Qe6 43. Be3 Bh4 44. Ra1 Rf7 45. Qb4 Qf6 46. Qe4+ Kg7 47. Kh2 Bg5 48. Qg4 Qf5 49. Qg3 Kf6 50. Bxg5+ hxg5 51. Kg1 Ke6 52. d4 Qf4 53. Qb3+ Kxd6 54. Ra6+ Kc7 55. Qb6+ 1-0